000 00385 a2200169 4500
001 161765
020 _a85-215-0312-1
040 _cMagnum
100 _aOrthof, Sylvia
240 1 0 _aDumonzito: o avião diferente
_lpor
245 1 0 _aDumonzito: o avião diferente
300 _a16
362 0 _a1986
440 1 _aAo Livro Técnico
697 _aLITERATURA INFANTO
942 _cBK
999 _c161765
_d161765